00994pam a2200289 a 4500001001000000003000400010005001700014008004100031020002500072020002200097040003000119082002100149100003800170245005800208250001200266260006700278300004300345500002400388504003100412650003100443650002900474653002000503655002400523942002100547999001700568952011900585013630187OSt20201128021030.0061118s2007 xxkak frb 001 0 eng d a9780273704140 (pbk.) a0273704141 (pbk.) aStDuBDSbengcStDuBDSdUk04a658.406222bCAR1 aCarnall, C. A.q(Colin A.)93498110aManaging change in organizations /cColin A. Carnall. a5th ed. aHarlow, United States :bFinancial Times Prentice Hall,c2007. axvi, 365 p. :bforms, tables ;c25 cm. aIndex : p. 355-365. aBibliography : p. 345-354. 0aOrganizational change9885 0aStrategic planning91643 bCScJanuary2014 vreading book934232 2ddck658.406 CAR c17991d17963 00102ddc40708BaccahaMAINbMAINc1STd2014-01-29epurchasel0o658.406 CARp000035537r2025-07-15 00:00:00yBB